LEADER 01209nam a2200241 4500 001 000000356071 003 CaOOAMICUS 005 20231122144456.0 008 231113s2004 it 000 u ita r 020 $a88-8025-440-5 040 $aSeMil$bita 245 10$a«Venite a mangiare» (Gv 21,12) :$beucaristia domenicale, vita della comunità e missione della Chiesa : incontri di decanato 2004-2005. 264 1$aMilano :$bCentro Ambrosiano,$c2004. 300 $a47 p. ;$c21 cm 500 $aIn testa al front.: Vicariato per la formazione permanente del clero della Diocesi di Milano 650 4$aChiesa cattolica - Clero - Formazione permanente.$0(OLS)http://semarc/subject/16374 850 $aSeMil 852 $aSeMil$W1$xVenegono$y1$m5B V 7/13$j244901$B247253$CSeMilBibl$Z2$F247253 $81 961 $aConti don Gildo - Omaggio 996 $6020$a88-8025-440-5$9(OLS)http://semarc/number/299261 996 $6245$a«Venite a mangiare» (Gv 21,12) :$beucaristia domenicale, vita della comunità e missione della Chiesa : incontri di decanato 2004-2005$9(OLS)http://semarc/title/446299 996 $6264$aMilano :$bCentro Ambrosiano$9(OLS)http://semarc/publisher/29766 LEADER 01335nam a2200265 i 4500 001 000000204179 003 CaOOAMICUS 005 20220329120122.0 008 170206s1627 it u000 u lat u 013 $a182897 026 $aemo- 3.e, usu- Inde (3) 1627 (R) 040 $aSeMil$bita 100 1 $aGaroni, Angelo Stefano,$d.$0(OLS)http://semarc/name/92572 245 10$aObservationes in constitutiones dominij Mediolanensis. Auctore Angelo Stephano Garono I.C. Ticinensi. ... Accessit index rerum copiosus. 260 $aMediolani :$bApud Io. Baptistam Bidellium,$c1627. 300 $a[4], 103, [1] p. ;$c4º. 500 $aIniz., fregi xilogr. 500 $aMarca editoriale: Un gatto con topo in bocca. In una cornice figurata. (O1176) Sul front. 500 $aSegn.: pg2 A-N4 700 1 $aBidelli, Giovanni Battista$b<1,$cEditore,$d1610-1654>.$0(OLS)http://semarc/name/11300 850 $aSeMil 852 $aSeMil$W1$xVenegono$y1$m3O IV 16 FA$j154673$B154673$CSeMilBibl$Z2$F215854 $8I 996 $6245$aObservationes in constitutiones dominij Mediolanensis. Auctore Angelo Stephano Garono I.C. Ticinensi. ... Accessit index rerum copiosus$9(OLS)http://semarc/title/409484 996 $6260$aMediolani :$bApud Io. Baptistam Bidellium$9(OLS)http://semarc/publisher/41328